[Event "Tourn. n10019"]
[Site "www.echecsemail.com"]
[Date "2019.01.22"]
[Round "1"]
[White "Cemaah"]
[Black "Fabos12"]
[WhiteElo "2099"]
[BlackElo "1940"]
[Result "1-0"]
[Round "1"]
1.e4 e6
2.d4 Nb8c6
3.Nb1c3 d5
4.e5 Bf8e7
5.f4 g5
6.Ng1f3 g4
7.Nf3g1 h5
8.Bc1e3 Ng8h6
9.Bf1d3 Nc6b4
10.Ng1e2 Rh8g8
11.g3 Nb4xd3
12.Qd1xd3 Nh6f5
13.Be3f2 b6
14.h3 a5
15.hxg4 hxg4
16.O-O-O Bc8a6
17.Qd3d2 Be7b4
18.a3 Bb4xc3
19.Ne2xc3 Qd8d7
20.Rh1h7 c5
{ time. }
1-0

[Event "Tourn. n9917"]
[Site "www.echecsemail.com"]
[Date "2019.01.22"]
[Round "1"]
[White "Ejner"]
[Black "Tartan"]
[WhiteElo "2410"]
[BlackElo "2580"]
[Result "1/2-1/2"]
[Round "1"]
1.Ng1f3 Ng8f6
2.b3 g6
3.Bc1b2 Bf8g7
4.g3 O-O
5.Bf1g2 d5
6.c4 c6
7.O-O Nb8d7
8.d4 Nf6e4
9.Nb1d2 Nd7f6
10.Nf3e5 Ne4xd2
11.Qd1xd2 e6
12.Rf1d1 a5
13.Ra1c1 Nf6e4
14.Qd2c2 a4
15.Bg2xe4 dxe4
16.Qc2xe4 axb3
17.axb3 Qd8b6
18.Qe4c2 f6
19.c5 Qb6c7
20.Ne5c4 Bc8d7
21.Nc4b6 Ra8a6
22.Nb6xd7 Qc7xd7
23.Rc1a1 Rf8a8
24.Ra1xa6 Ra8xa6
25.Rd1a1 Ra6xa1
26.Bb2xa1 f5
27.e3 Qd7d5
28.h4 h6
29.Ba1b2 Kf7
30.Kf1 g5
31.hxg5 hxg5
32.Ke2 g4
33.Bb2c3 Qd5h1
34.Bc3e1 Bg7f6
35.Qc2c3 Bf6e7
36.Qc3c4 Qh1f3
37.Kd2 Qf3h1
38.Qc4e2 Qh1e4
39.Qe2d3 Qe4h1
40.Qd3e2 Qh1e4
41.Qe2d3 { draw }
1/2-1/2

[Event "Match"]
[Site "www.echecsemail.com"]
[Date "2019.01.22"]
[Round "1"]
[White "Bjonil60"]
[Black "Tonino1"]
[WhiteElo "1530"]
[BlackElo "2120"]
[Result "0-1"]
[Round "1"]
1.Ng1f3 d6
2.d4 Ng8f6
3.e3 c6
4.Qd1e2 Nf6e4
5.Nf3d2 f5
6.Nd2xe4 fxe4
7.f3 exf3
8.Qe2xf3 Nb8d7
9.Nb1c3 Nd7f6
10.h3 g6
11.g3 Bf8g7
12.b3 O-O
13.e4 e5
14.dxe5 Nf6d5
15.Nc3xd5 Rf8xf3
16.g4 cxd5
17.exd5 Qd8h4
18.Ke2 Qh4f2
19.Kd1 Qf2d4
20.Ke2 Rf3xf1
21.Rh1xf1 Qd4xa1
22.a4 Bg7xe5
23.Rf1d1 Qa1c3
24.Rd1d2 Be5f4
25.Rd2d1 Qc3xc2
26.Bc1d2 Bf4xd2
27.Rd1xd2 Qc2xd2
28.Kxd2 h5
29.gxh5 gxh5
30.h4 Bc8g4
31.Kc3 Ra8e8
32.Kd4 Re8e5
33.b4 Bg4f3
34.b5 Re5e4
35.Kd3 Re4xh4
36.Kd2 Bf3xd5
37.Kd3 Rh4e4
38.Kd2 h4
39.a5 h3
40.b6 axb6
41.axb6 h2
42.Kc2 h1Q
43.Kd3 Qh1d1
44.Kc3 Re4c4
45.Kb2 Qd1c2
46.Ka3 Rc4a4

0-1

[Event "Match"]
[Site "www.echecsemail.com"]
[Date "2019.01.22"]
[Round "1"]
[White "Chapi"]
[Black "Huskarls"]
[WhiteElo "2070"]
[BlackElo "1809"]
[Result "1-0"]
[Round "1"]
1.d4 Ng8f6
2.c4 e6
3.Nb1c3 Bf8b4
4.Bc1g5 c5
5.e4 Qd8a5
6.Ng1e2 Nf6xe4
7.Bg5d2 Ne4xd2
8.Qd1xd2 O-O
9.a3 Nb8c6
10.Ra1c1 Bb4xc3
11.Rc1xc3 b6
12.dxc5 bxc5
13.g3 Nc6e5
14.Bf1g2 d5
15.cxd5 Ra8b8
16.O-O Bc8a6
17.Rf1c1  { time }
1-0

[Event "Tourn. n10013"]
[Site "www.echecsemail.com"]
[Date "2019.01.22"]
[Round "1"]
[White "Foxy100"]
[Black "Numanoid"]
[WhiteElo "2400"]
[BlackElo "2630"]
[Result "1/2-1/2"]
[Round "1"]
1.e4 e6
2.d4 d5
3.Nb1d2 Ng8f6
4.e5 Nf6d7
5.Bf1d3 c5
6.c3 Nb8c6
7.Ng1e2 cxd4
8.cxd4 f6
9.exf6 Nd7xf6
10.O-O Bf8d6
11.Nd2f3 Qd8c7
12.Bc1g5 O-O
13.a3 Nf6g4
14.Ne2g3 Bc8d7
15.Ra1c1 Qc7b6
16.b4 h6
17.Bg5d2 e5
18.dxe5 Nc6xe5
19.Bd3e2 d4
20.Qd1b3 Kh8
21.Nf3xe5 Bd6xe5
22.Qb3d3 Ra8e8
23.f4 Be5f6
24.Be2xg4 Bd7xg4
25.f5 Bg4e2
26.Ng3xe2 Re8xe2
27.Rc1e1 Rf8e8
28.b5 Re2xe1
{ draw }
1/2-1/2

[Event "1/16 Finale"]
[Site "www.chess-mail.com"]
[Date "2019.01.22"]
[Round "1"]
[White "Dougbeer"]
[Black "Piriot"]
[WhiteElo "2530"]
[BlackElo "2280"]
[Result "1-0"]
[Round "1"]
1.e4 e5
2.Bf1c4 Ng8f6
3.d4 Nf6xe4
4.dxe5 Qd8e7
5.Ng1f3 Qe7b4
6.Nb1d2 d5
7.Bc4b3 Ne4xd2
8.Bc1xd2 Qb4e4
9.Bd2e3 c6
10.Qd1d2 Bf8c5
11.O-O Bc5xe3
12.fxe3 O-O
13.Nf3g5 Qe4xe5
14.e4 Bc8e6
15.exd5 Be6xd5
16.Ra1e1 Qe5d6
17.c4 Qd6c5
18.Qd2e3 Qc5xe3
19.Re1xe3 Bd5e6
20.Re3xe6 { resign }
1-0

[Event "Tourn. n10007"]
[Site "www.echecsemail.com"]
[Date "2019.01.23"]
[Round "1"]
[White "Francesco"]
[Black "Roque1"]
[WhiteElo "1930"]
[BlackElo "1990"]
[Result "1-0"]
[Round "1"]
1.e4 c5
2.Ng1f3 e6
3.c3 a6
4.d4 cxd4
5.cxd4 Ng8f6
6.e5 Nf6d5
7.Bf1d3 Nb8c6
8.O-O Bf8e7
9.Bd3e4 Nd5c7
10.Qd1d3 g6
11.Bc1h6 f5
12.exf6 Be7xf6
13.Nb1c3 d5
14.Be4xg6 Ke7
15.Bg6h5 Nc7e8
16.Rf1e1 Ne8g7
17.Bh5g4 Qd8d6
18.Bh6g5 h5
19.Bg5xf6 Kxf6
20.Bg4h3 Bc8d7
21.Nf3h4 Ra8f8
22.Qd3g6 Ke7
23.Qg6xg7 Kd8
24.Qg7g5 Kc7
25.Qg5g3 Rf8f6
26.Qg3xd6 Kxd6
27.Nh4f3 Rh8f8
28.Nc3a4 Nc6e7
29.Na4c5 Bd7c8
30.Ra1c1 Rf8g8
31.b4 Rf6xf3
32.Bh3xe6 Bc8xe6
{ time. }
1-0

[Event "Match"]
[Site "www.echecsemail.com"]
[Date "2019.01.23"]
[Round "1"]
[White "Add"]
[Black "Bigrezi"]
[WhiteElo "2210"]
[BlackElo "2390"]
[Result "1-0"]
[Round "1"]
1.e4 e5
2.Ng1f3 Nb8c6
3.d4 exd4
4.Nf3xd4 Nc6xd4
5.Qd1xd4 Ng8e7
6.Bc1h6 Ne7g6
7.Bh6xg7 Rh8g8
8.Bg7xf8 Ng6xf8
9.Nb1d2 Nf8e6
10.Qd4e3 d6
11.g3 Qd8g5
12.f4 Qg5c5
13.Qe3xc5 Ne6xc5
14.O-O-O Bc8g4
15.Rd1e1 O-O-O
16.Rh1g1 Kb8
17.Bf1c4 Rg8g7
18.Bc4e2 Bg4e6
19.f5 Be6d7
20.Be2f3 f6
21.g4 Rd8e8
22.h4 h6
23.b3 Bd7c6
24.Kb2 Nc5d7
25.Nd2c4 b6
26.Nc4d2 Nd7e5
27.Bf3e2 Rg7e7
28.Be2d3 Ne5d7
29.g5 hxg5
30.hxg5 fxg5
31.Rg1xg5 Nd7e5
32.Re1f1 Ne5xd3
33.cxd3 Re7f7
34.Nd2f3 d5
35.e5 Re8f8
36.Nf3d4 Bc6b7
37.f6 c5
38.Nd4b5 Rf7h7
39.Rf1f2 Bb7a6
40.a4 d4
41.e6 Ba6xb5
42.axb5 Kc8
43.e7 Rh7xe7
44.Ka3 Re7f7
45.Rg5g6 Kd7
46.Rg6g7 Ke6
47.Rf2e2 Kxf6
48.Rg7g3 Rf7h7
49.Rg3f3 Kg7
50.Re2g2 { resign }
1-0

[Event "Match"]
[Site "www.echecsemail.com"]
[Date "2019.01.23"]
[Round "1"]
[White "Urbe69"]
[Black "Logout"]
[WhiteElo "2370"]
[BlackElo "2150"]
[Result "1-0"]
[Round "1"]
1.d4 d5
2.c4 dxc4
3.Ng1f3 Ng8f6
4.e3 Nb8c6
5.Bf1xc4 e6
6.O-O Bf8e7
7.Nb1c3 O-O
8.e4 Bc8d7
9.a3 Nc6a5
10.Bc4d3 b6
11.b4 Na5b7
12.Qd1b3 Ra8b8
13.e5 Nf6e8
14.Qb3c2 c5
15.Bd3xh7 Kh8
16.Bh7e4 cxb4
17.axb4 Be7xb4
18.Be4xb7 Rb8xb7
19.Nf3g5 Qd8xg5
20.Bc1xg5 a5
21.Qc2e4 Rb7b8
22.Qe4h4 Kg8
23.Nc3e4 Ne8c7
24.Ne4f6 gxf6
25.Bg5xf6 Bb4e7
26.Qh4h8 
1-0

[Event "Tourn. n10030"]
[Site "www.echecsemail.com"]
[Date "2019.01.23"]
[Round "1"]
[White "Andychesston"]
[Black "Louis"]
[WhiteElo "1980"]
[BlackElo "2090"]
[Result "1-0"]
[Round "1"]
1.e4 c5
2.Ng1f3 d6
3.d4 cxd4
4.Nf3xd4 Ng8f6
5.Nb1c3 a6
6.Bf1c4 e6
7.Bc1g5 Bf8e7
8.O-O b5
9.Bc4d3 O-O
10.f4 Qd8b6
11.Nc3e2 Nb8c6
12.c3 h6
13.Bg5h4 e5
14.fxe5 dxe5
15.Bh4xf6 Be7xf6
16.Rf1xf6 gxf6
17.Qd1d2 exd4
18.Kh1 dxc3
19.Ne2xc3 Rf8d8
20.Nc3d5 Nc6e5
21.Nd5xb6 { resign }
1-0

[Event "Tourn. n10044"]
[Site "www.echecsemail.com"]
[Date "2019.01.23"]
[Round "1"]
[White "Mitja"]
[Black "Bojan"]
[WhiteElo "1930"]
[BlackElo "1900"]
[Result "0-1"]
[Round "1"]
1.d4 b6
2.e3 Bc8b7
3.Ng1f3 e6
4.c3 Qd8f6
5.b3 Bb7xf3
6.Qd1xf3 Qf6xf3
7.gxf3 Bf8d6
8.Bc1b2 Nb8c6
9.Bf1g2 Ng8f6
10.Nb1d2 h6
11.Nd2c4 Bd6e7
12.Nc4e5 Nc6xe5
13.dxe5 Nf6d5
14.f4 O-O-O
15.O-O-O c6
16.Bg2xd5 cxd5
17.Kb1 Kb7
18.Rh1g1 g6
19.a3 Rd8c8
20.b4 Kc6
21.Kc2 a5
22.Kd3 Kb5
23.Kc2 axb4
24.axb4 Be7xb4
25.Rd1b1 Bb4c5
26.Bb2a3 Ka6
27.Ba3xc5 Rc8xc5
28.Rb1b3 b5
29.Rg1a1 Kb6
30.Rb3a3 Rh8b8
31.Ra3a7 Rb8b7
32.Ra7xb7 Kxb7
33.Kd3 Rc5c6
34.Ra1b1 Kb6
35.f3 Rc6c8
36.Kc2 Rc8a8
37.Kb3 Kc6
38.h3 d6
39.exd6 Kxd6
40.Kb2 Ra8a4
41.Rb1a1 Ra4xa1
42.Kxa1 Kc5
43.Kb2 Kc4
44.Kc2 h5
45.Kd2 h4
46.Kc2 f6
47.Kd2 e5
48.fxe5 fxe5
49.e4 d4
50.cxd4 Kxd4
{ resign }
0-1

[Event "Tourn. n10028"]
[Site "www.echecsemail.com"]
[Date "2019.01.23"]
[Round "1"]
[White "Tartan"]
[Black "Jazzy"]
[WhiteElo "2550"]
[BlackElo "2220"]
[Result "1-0"]
[Round "1"]
1.d4 d5
2.c4 e6
3.Nb1c3 Ng8f6
4.Bc1g5 Bf8e7
5.e3 h6
6.Bg5h4 c5
7.dxc5 Be7xc5
8.cxd5 Bc5e7
9.Bf1b5 Kf8
10.dxe6 Bc8xe6
11.Qd1xd8 Be7xd8
12.Ng1f3 g6
13.Nf3d4 Be6d7
14.O-O Kg7
15.Ra1d1 Nb8c6
16.Nd4b3 a6
17.Bb5xa6 { resign }
1-0

[Event "Match"]
[Site "www.echecsemail.com"]
[Date "2019.01.23"]
[Round "1"]
[White "Ketchuplover"]
[Black "Karlgrocer"]
[WhiteElo "1980"]
[BlackElo "1940"]
[Result "1-0"]
[Round "1"]
1.Ng1f3 d5
2.b3 Ng8f6
3.Bc1b2 e6
4.g3 Bf8e7
5.Bf1g2 O-O
6.O-O Nb8d7
7.Nf3e5 Nd7xe5
8.Bb2xe5 a6
9.e3 Be7d6
10.d4 Bd6xe5
11.dxe5 Nf6d7
12.f4 b6
13.Nb1d2 Bc8b7
14.c4 c6
15.cxd5 cxd5
16.Nd2c4 Ra8b8
17.Nc4d6 Nd7c5
18.Nd6xb7 Rb8xb7
19.Ra1c1 Rb7d7
20.Qd1d4 Rd7b7
21.Rc1c2 Qd8d7
22.Rf1c1 g6
23.b4 Nc5a4
24.Bg2f1 b5
25.a3 Kg7
26.h4 Na4b6
27.g4 Kg8
28.g5 Nb6c4
29.Bf1xc4 bxc4
30.e4 Rf8d8
31.exd5 exd5
32.Rc2g2 Qd7e6
33.Kh2 Rb7d7
34.Kg3 Qe6c6
35.Rc1c3 Qc6b5
36.Kg4 Qb5c6
37.Rg2a2 Qc6e6
38.Kg3 Qe6f5
39.a4 Qf5b1
40.Ra2h2 Qb1e1
41.Kf3 Qe1f1
42.Kg4 Qf1a1
43.h5 Rd7e7
44.Rc3xc4 Qa1xd4
45.Rc4xd4 Re7c7
46.hxg6 fxg6
47.Rh2d2 Rc7d7
48.e6 Rd7d6
49.e7 Rd8e8
50.Rd4xd5 { resign }
1-0

[Event "Tourn. n10013"]
[Site "www.echecsemail.com"]
[Date "2019.01.23"]
[Round "1"]
[White "Tartan"]
[Black "Foxy100"]
[WhiteElo "2550"]
[BlackElo "2400"]
[Result "1/2-1/2"]
[Round "1"]
1.d4 d5
2.c4 e6
3.Nb1c3 Ng8f6
4.Bc1g5 Bf8e7
5.Ng1f3 O-O
6.Qd1c2 Nb8d7
7.e3 c6
8.a3 b6
9.cxd5 cxd5
10.Bf1d3 Bc8b7
11.O-O Ra8c8
12.Rf1c1 Nf6e4
13.Bg5xe7 Qd8xe7
14.Qc2b3 Ne4xc3
15.Rc1xc3 Rc8xc3
16.Qb3xc3 Rf8c8
17.Qc3e1 Rc8c7
18.Ra1c1 Nd7f6
19.Qe1d1 Nf6e4
20.Rc1c2 f6
21.Qd1c1 Rc7xc2
22.Qc1xc2 Qe7d7
23.Nf3d2 Ne4xd2
24.Qc2xd2 e5
25.Qd2b4 e4
26.Bd3e2 Qd7c7
27.Qb4a4 Bb7c6
28.Qa4c2 Qc7d6
29.Qc2c3 Bc6d7
30.Be2d1 Kf8
31.Bd1e2 { draw }
1/2-1/2

[Event "1/64 Finale"]
[Site "www.chess-mail.com"]
[Date "2019.01.23"]
[Round "1"]
[White "Mitja"]
[Black "Reignblowcan"]
[WhiteElo "1890"]
[BlackElo "2530"]
[Result "0-1"]
[Round "1"]
1.d4 d5
2.e3 Bc8f5
3.c3 e6
4.h3 Nb8c6
5.Ng1e2 Bf8d6
6.b3 Qd8e7
7.Bc1b2 Ng8f6
8.Nb1d2 e5
9.dxe5 Nc6xe5
10.Ne2d4 Ne5d3
11.Bf1xd3 Bf5xd3
12.Nd2f3 Qe7e4
13.Nd4e2 Rh8g8
14.Ne2c1 Bd3a6
15.Nc1e2 O-O-O
16.Qd1d4 Qe4g6
17.O-O Ba6xe2
{ resign }
0-1

[Event "Tourn. n10029"]
[Site "www.echecsemail.com"]
[Date "2019.01.24"]
[Round "1"]
[White "Tonino1"]
[Black "Tartan"]
[WhiteElo "2320"]
[BlackElo "2550"]
[Result "0-1"]
[Round "1"]
1.d4 Ng8f6
2.Ng1f3 e6
3.e3 b6
4.Bf1d3 Bc8b7
5.Nb1d2 d5
6.Nf3e5 Bf8d6
7.f4 O-O
8.O-O c5
9.c3 Nf6e4
10.Qd1f3 f5
11.Qf3h3 Ne4f6
12.Nd2f3 Bb7a6
13.Bd3xa6 Nb8xa6
14.Nf3g5 Qd8e8
15.g4 h6
16.Ng5f3 fxg4
17.Ne5xg4 Qe8g6
18.Kh1 Qg6xg4
19.Qh3xg4 Nf6xg4
20.h3 Ng4f6
21.Rf1g1 Ra8c8
22.Nf3e5 Bd6xe5
23.fxe5 Nf6e4
24.a4 c4
 { time }
0-1

[Event "Tourn. n9974"]
[Site "www.echecsemail.com"]
[Date "2019.01.24"]
[Round "1"]
[White "Andychesston"]
[Black "Libiesse"]
[WhiteElo "2060"]
[BlackElo "1930"]
[Result "1-0"]
[Round "1"]
1.e4 c5
2.Ng1f3 e6
3.d4 cxd4
4.Nf3xd4 a6
5.g3 b5
6.Bf1g2 Bc8b7
7.O-O Qd8c7
8.Bc1e3 d6
9.f3 Nb8c6
10.Nb1d2 Ng8f6
11.Nd2b3 Ra8d8
12.Qd1d2 Bf8e7
13.c3 d5
14.e5 Nf6d7
15.f4 Nc6a5
16.Nb3xa5 Qc7xa5
17.Nd4b3 Qa5c7
18.Ra1c1 O-O
19.Rc1c2 Nd7b6
20.Be3d4 Nb6c4
21.Qd2f2 Rd8c8
22.Nb3d2 Nc4xd2
23.Qf2xd2 Rf8d8
24.Rf1c1 Be7c5
25.Kh1 Qc7d7
26.b4 Bc5xd4
27.Qd2xd4 Rc8c4
28.Qd4b6 Rd8c8
29.Qb6d6 Qd7e8
30.f5 Rc4c6
31.fxe6 Rc6xd6
32.exf7 Qe8xf7
33.Rc1f1 Qf7g6
34.Rc2d2  { time }
1-0

[Event "Tourn. n10030"]
[Site "www.echecsemail.com"]
[Date "2019.01.24"]
[Round "1"]
[White "Louis"]
[Black "Mitja"]
[WhiteElo "2090"]
[BlackElo "1960"]
[Result "1/2-1/2"]
[Round "1"]
1.d4 d5
2.c4 dxc4
3.Ng1f3 e6
4.e4 c6
5.Bf1xc4 h6
6.O-O Ng8f6
7.Nb1c3 Bf8b4
8.Qd1c2 Bb4a5
9.a3 Ba5c7
10.Rf1d1 b6
11.h3 Bc8b7
12.Bc1e3 Nb8d7
13.e5 Nf6d5
14.Nc3xd5 cxd5
15.Bc4d3 Ra8c8
16.Qc2d2 a5
17.b4 axb4
18.Qd2xb4 Qd8e7
19.Be3d2 Bc7d8
20.a4 O-O
21.Qb4xe7 Bd8xe7
22.Rd1b1 Rc8b8
23.Bd3b5 Rf8d8
24.Kh2 Nd7f8
25.Rb1c1 Rd8c8
26.Rc1xc8 Rb8xc8
27.Ra1b1 Bb7c6
28.Bb5xc6 Rc8xc6
29.Rb1b5 Be7d8
30.Bd2b4 Nf8g6
31.g3 Bd8e7
{ draw }
1/2-1/2

[Event "Match"]
[Site "www.echecsemail.com"]
[Date "2019.01.24"]
[Round "1"]
[White "Joseph1983"]
[Black "Urbe69"]
[WhiteElo "2220"]
[BlackElo "2370"]
[Result "0-1"]
[Round "1"]
1.Ng1f3 d5
2.e3 c5
3.c4 e6
4.d4 Ng8f6
5.Bf1d3 dxc4
6.Bd3xc4 Qd8c7
7.Nb1d2 cxd4
8.Nf3xd4 a6
9.b3 Bf8b4
10.O-O O-O
11.Bc1b2 Rf8d8
12.Nd4xe6 Bc8xe6
13.Bb2xf6 Rd8xd2
14.Qd1f3 Be6xc4
15.Ra1c1 Nb8c6
16.Rc1xc4 Bb4e7
17.Bf6c3 Rd2xa2
18.Rc4g4 g6
{ resign }
0-1

[Event "Match"]
[Site "www.echecsemail.com"]
[Date "2019.01.24"]
[Round "1"]
[White "Chapi"]
[Black "Urbe69"]
[WhiteElo "2080"]
[BlackElo "2370"]
[Result "0-1"]
[Round "1"]
1.d4 Ng8f6
2.c4 g6
3.Ng1f3 Bf8g7
4.Nb1c3 O-O
5.e4 d6
6.Bf1e2 e5
7.dxe5 dxe5
8.Nf3xe5 Qd8xd1
9.Be2xd1 Nf6xe4
10.Nc3xe4 Bg7xe5
11.O-O Nb8c6
12.Ra1b1 Bc8f5
13.Bd1f3 Nc6d4
14.b3 Bf5xe4
15.Bf3xe4 Nd4e2
16.Kh1 Ne2c3
17.Bc1b2 Nc3xb1
18.Bb2xe5 Nb1d2
19.Rf1e1 Nd2xe4
20.Re1xe4 Rf8e8
21.f3 Ra8d8
22.h3 Rd8d2
23.a4 c5
24.Be5f4 Re8xe4
25.fxe4 Rd2b2
26.Bf4b8 Rb2xb3
27.Bb8xa7 Rb3b4
28.Ba7xc5 Rb4xa4
29.e5 Ra4xc4
30.Bc5d6 b5
{ resign }
0-1

[Event "Tourn. n10032"]
[Site "www.echecsemail.com"]
[Date "2019.01.24"]
[Round "1"]
[White "Picifarkinca"]
[Black "Fabos12"]
[WhiteElo "1840"]
[BlackElo "1960"]
[Result "1-0"]
[Round "1"]
1.d4 e6
2.c4 d5
3.Nb1c3 Nb8c6
4.e3 Bf8b4
5.Qd1c2 Ng8e7
6.a3 Bb4xc3
7.Qc2xc3 dxc4
8.Bf1xc4 Ne7d5
9.Qc3c2 a5
10.Ng1f3 Nd5b6
11.Bc4a2 Nb6d5
12.O-O O-O
13.Rf1d1 Qd8f6
14.Ba2b1 Bc8d7
{ time. }
1-0

[Event "Tourn. n10032"]
[Site "www.echecsemail.com"]
[Date "2019.01.24"]
[Round "1"]
[White "Fabos12"]
[Black "Malbertan"]
[WhiteElo "2000"]
[BlackElo "2000"]
[Result "0-1"]
[Round "1"]
1.d4 Ng8f6
2.Ng1f3 e6
3.c3 c5
4.Bc1g5 Nb8c6
5.e4 cxd4
6.e5 h6
7.Bg5h4 g5
8.Bh4g3 Nf6e4
9.cxd4 Ne4xg3
10.fxg3 Qd8b6
11.b3 { time. }
0-1

[Event "Tourn. n10040"]
[Site "www.echecsemail.com"]
[Date "2019.01.24"]
[Round "1"]
[White "Libiesse"]
[Black "Sorim"]
[WhiteElo "1880"]
[BlackElo "2080"]
[Result "0-1"]
[Round "1"]
1.Ng1f3 d5
2.d4 Ng8f6
3.c4 dxc4
4.e3 Bc8g4
5.Bf1xc4 e6
6.O-O Bf8d6
7.Nb1c3 c6
8.Bc4e2 O-O
 { time }
0-1

[Event "Tourn. n10040"]
[Site "www.echecsemail.com"]
[Date "2019.01.24"]
[Round "1"]
[White "Caroluigi"]
[Black "Libiesse"]
[WhiteElo "1980"]
[BlackElo "1880"]
[Result "1-0"]
[Round "1"]
1.d4 d5
2.c4 e6
3.e3 Ng8f6
4.Nb1c3 Bf8e7
5.Ng1f3 Nb8d7
6.cxd5 Nf6xd5
7.e4 Nd5b6
8.Bf1d3 O-O
9.O-O Nd7f6
10.Qd1c2 h6
11.Bc1d2  { time }
1-0

[Event "1/8 Finale"]
[Site "www.chess-mail.com"]
[Date "2019.01.24"]
[Round "1"]
[White "Nimzo"]
[Black "Asoka"]
[WhiteElo "2850"]
[BlackElo "2690"]
[Result "1/2-1/2"]
[Round "1"]
1.c4 c5
2.Ng1f3 Ng8f6
3.Nb1c3 Nb8c6
4.g3 d5
5.cxd5 Nf6xd5
6.Bf1g2 Nd5xc3
7.bxc3 e5
8.O-O Bf8e7
9.d4 e4
10.Nf3e5 Nc6xe5
11.dxe5 Qd8xd1
12.Rf1xd1 Bc8f5
13.Bc1e3 Ra8d8
14.Rd1b1 b6
15.a4 Rd8b8
16.a5 O-O
17.h3 Rf8e8
18.g4 Bf5g6
19.axb6 axb6
20.Ra1a6 b5
21.Ra6a5 b4
22.Be3xc5 Be7xc5
23.Ra5xc5 b3
24.e3 f6
25.Bg2f1 Bg6f7
26.Bf1b5 Re8xe5
27.Rc5xe5 fxe5
28.c4 h5
29.gxh5 Bf7xh5
30.Rb1xb3 Bh5e2
31.Kh2 Kh7
32.Rb3c3 Rb8c8
33.Rc3c2 Be2d3
34.Rc2a2 Kg6
35.Ra2a6 Kf7
36.Ra6a4 Rc8c7
37.Kg3 Kf6
38.Ra4a6 Kf7
39.Ra6a5 Kf6
40.Ra5a6 Kf7
41.Bb5c6 Bd3xc4
42.Ra6b6 Bc4e6
43.Bc6xe4 Rc7c1
44.Be4f3 g6
45.Bf3e4 g5
46.Be4f3 Rc1g1
47.Kh2 Rg1f1
48.Kg2 Rf1a1
49.e4 Ke7
50.Bf3h5 Ra1a8
51.Rb6b7 Kf6
52.Rb7h7 Ra8a3
53.f3 Ra3a8
54.Kg3 Ra8d8
55.Bh5g4 Be6f7
56.Bg4f5 Rd8d1
57.Rh7h6 Kg7
58.Rh6b6 Rd1g1
59.Kf2 Rg1c1
60.Bf5e6 Kf8
61.Be6xf7 { draw }
1/2-1/2

[Event "1/16 Finale"]
[Site "www.chess-mail.com"]
[Date "2019.01.24"]
[Round "1"]
[White "Cristiano"]
[Black "Senitram"]
[WhiteElo "2060"]
[BlackElo "2610"]
[Result "0-1"]
[Round "1"]
1.e4 c5
2.Ng1f3 g6
3.d4 cxd4
4.Nf3xd4 Bf8g7
5.Nb1c3 Nb8c6
6.Bc1e3 d6
7.Bf1c4 Ng8f6
8.f3 O-O
9.Qd1d2 Bc8d7
10.O-O-O Ra8c8
11.Bc4b3 Nc6a5
12.h4 Na5xb3
13.axb3 h5
14.Rd1g1 Qd8c7
15.Nd4e2 b5
16.Ne2f4 e6
17.Kb1 b4
18.Nc3a2 a5
19.Rg1d1 e5
20.Nf4h3 d5
21.exd5 Bd7f5
22.Rd1c1 Rf8d8
23.Qd2f2 Nf6xd5
24.Rh1d1 Nd5xe3
25.Rd1xd8 Qc7xd8
26.Qf2xe3 Qd8xh4
27.Nh3f2 Bg7h6
28.Qe3xh6 Qh4xf2
29.Qh6g5 Rc8xc2
30.Qg5d8 Kg7
31.Rc1xc2 Qf2xc2
{ resign }
0-1

[Event "Tourn. n9977"]
[Site "www.echecsemail.com"]
[Date "2019.01.25"]
[Round "1"]
[White "Fabos12"]
[Black "Odin"]
[WhiteElo "2010"]
[BlackElo "1970"]
[Result "1-0"]
[Round "1"]
1.d4 d5
2.Ng1f3 Nb8d7
3.Bc1f4 Ng8f6
4.h3 c5
5.c3 e6
6.Nb1d2 Nf6e4
7.Nd2xe4 dxe4
8.Nf3d2 Nd7f6
9.e3 Bf8d6
10.Bf4xd6 Qd8xd6
11.Bf1b5 Bc8d7
12.Nd2c4 Qd6d5
13.Bb5xd7 Nf6xd7
14.Qd1a4 O-O
15.Nc4d2 a6
16.c4 Qd5d6
17.Nd2xe4 Qd6e7
18.Ra1d1 Nd7b6
19.Qa4b3 Nb6c8
20.Ne4xc5 Nc8d6
21.O-O Ra8b8
22.Rf1e1 Nd6f5
23.e4 Nf5xd4
24.Rd1xd4 Qe7xc5
25.Re1d1 b5
26.Qb3c2 Rf8c8
27.b3 b4
28.Qc2d2 f6
29.Rd4d7 Qc5b6
30.Qd2f4 e5
31.Qf4g4 g6
32.Rd1d6 Qb6a5
33.Qg4e6 Kh8
34.Qe6xf6 { resign }
1-0

[Event "Tourn. n9989"]
[Site "www.echecsemail.com"]
[Date "2019.01.25"]
[Round "1"]
[White "Ff333"]
[Black "Ssharp"]
[WhiteElo "2060"]
[BlackElo "2280"]
[Result "0-1"]
[Round "1"]
1.e4 e6
2.d4 d5
3.e5 c5
4.c3 Nb8c6
5.Bf1b5 Bc8d7
6.Ng1f3 a6
7.Bb5a4 b5
8.Ba4c2 Qd8c7
9.O-O Bf8e7
10.h3 c4
11.a4 Ra8b8
12.axb5 axb5
13.b3 f6
14.exf6 Ng8xf6
15.b4 O-O
16.Rf1e1 Be7d6
17.Nf3g5 Rb8e8
18.g3 h6
19.Ng5f3 Bd6xg3
20.Nf3e5 Bg3xe5
21.dxe5 Nc6xe5
22.Bc1f4 Nf6e4
23.Bf4xe5 Qc7xe5
24.Bc2xe4 dxe4
25.Qd1g4 Rf8f4
26.Qg4g2 Re8f8
27.Ra1a2 Bd7c6
28.Re1e3 Qe5h5
29.Re3g3 g5
30.Nb1a3 Rf4f3
31.Qg2h2 e3
32.Rg3xf3 Qh5xf3
33.Qh2g3 Qf3d1
34.Kh2 Qd1h1
{ resign }
0-1

[Event "Tourn. n9992"]
[Site "www.echecsemail.com"]
[Date "2019.01.25"]
[Round "1"]
[White "Aperturaf"]
[Black "Greghghs"]
[WhiteElo "2690"]
[BlackElo "2490"]
[Result "1-0"]
[Round "1"]
1.e4 e6
2.d4 d5
3.Bf1d3 dxe4
4.Bd3xe4 Ng8f6
5.Be4f3 Nb8d7
6.Nb1c3 Bf8d6
7.Nc3b5 e5
8.Bf3e2 O-O
9.Nb5xd6 cxd6
10.Ng1f3 Qd8a5
11.c3 Rf8e8
12.O-O Nd7f8
13.h3 Nf8e6
14.Bc1e3 Qa5c7
15.Rf1e1 e4
16.Nf3d2 d5
17.c4 Bc8d7
18.b3 Bd7c6
19.Nd2f1 Qc7d7
20.Qd1d2 Ra8d8
21.c5 Bc6b5
22.Be2xb5 Qd7xb5
23.Nf1g3 Re8f8
24.b4 Nf6e8
25.a4 Qb5d7
26.b5 f5
27.Ng3e2 Qd7f7
28.Ne2f4 h6
29.Nf4xe6 Qf7xe6
30.Be3f4 Ne8f6
31.a5 g5
32.a6 gxf4
33.axb7 e3
{ time. }
1-0

[Event "Tourn. n10043"]
[Site "www.echecsemail.com"]
[Date "2019.01.25"]
[Round "1"]
[White "Nevaeh"]
[Black "Rons"]
[WhiteElo "2349"]
[BlackElo "2690"]
[Result "1-0"]
[Round "1"]
1.d4 Ng8f6
2.c4 e6
3.g3 Bf8b4
4.Bc1d2 Bb4e7
5.Ng1f3 d5
6.Bf1g2 c6
7.Qd1c2 Nb8d7
8.Bd2f4 Qd8a5
9.Nb1d2 dxc4
10.O-O c3
11.bxc3 Nf6d5
12.c4 Nd5xf4
13.gxf4 Qa5c7
14.e3 b6
15.Nf3e5 Nd7xe5
16.fxe5 O-O
17.f4 Bc8b7
18.Bg2e4 h6
19.Ra1d1 Ra8d8
20.Nd2f3 Kh8
21.Kh1 Rf8g8
22.Rf1g1 Be7f8
23.Rg1g3 g6
24.h4 Bf8b4
25.Rd1g1 c5
26.d5 exd5
27.cxd5 c4
28.d6 Bb7xe4
29.Qc2xe4 Bb4xd6
30.exd6 Qc7xd6
31.Qe4xc4 Qd6f6
32.h5 Qf6f5
33.Kh2 Rg8g7
34.hxg6 Rg7xg6
35.Qc4c3 Kh7
36.Rg3xg6 fxg6
37.Qc3c6 b5
38.Kg3 Qf5d5
39.Qc6f6 Rd8d7
40.Rg1h1 Qd5f5
41.Qf6c3 h5
42.Rh1c1 a6
43.Qc3b2 Kh6
44.Rc1c6 { resign }
1-0

[Event "Match"]
[Site "www.echecsemail.com"]
[Date "2019.01.25"]
[Round "1"]
[White "Apdash"]
[Black "Paco"]
[WhiteElo "2320"]
[BlackElo "2010"]
[Result "1-0"]
[Round "1"]
1.d4 d5
2.Ng1f3 Nb8c6
3.e3 Bc8f5
4.Bf1b5 Qd8d7
5.Nf3e5 Qd7e6
6.c4 O-O-O
7.Ne5xc6 bxc6
8.cxd5 Qe6xd5
9.Bb5a6 Kd7
10.O-O Ng8f6
11.Nb1c3 Qd5a5
12.Qd1e2 e6
13.Bc1d2 Qa5b6
14.Nc3a4 Qb6b8
15.Rf1c1 Qb8a8
16.Na4c5 Bf8xc5
17.Rc1xc5 Ke7
18.Bd2b4 Ke8
19.Ra1c1 Bf5e4
20.f3 Be4d5
21.e4 Bd5xa2
22.Rc5xc6 Qa8b8
23.Bb4a3 Rd8xd4
24.Rc6xc7 Qb8b6
25.Rc7c8 Rd4d8
26.Kh1 Kd7
27.Ba6b5 { resign }
1-0

[Event "Match"]
[Site "www.echecsemail.com"]
[Date "2019.01.25"]
[Round "1"]
[White "Carsontwhite"]
[Black "Logout"]
[WhiteElo "1329"]
[BlackElo "2150"]
[Result "0-1"]
[Round "1"]
1.d4 d6
2.e4 e6
3.c4 a6
4.f4 Nb8c6
5.Nb1c3 Nc6a7
6.Ng1f3 h6
7.b4 Ng8f6
8.g4 Nf6h7
9.a4 Bf8e7
10.h4 Bc8d7
11.Bf1d3 c5
12.O-O cxb4
13.Nc3e2 Be7xh4
14.Bc1b2 a5
15.d5 exd5
16.exd5 Bd7xg4
17.Bb2xg7 Rh8g8
18.Bg7d4 Bg4xf3
19.Kh2 Bh4f2
20.Rf1xf2 Qd8h4

0-1

[Event "Match"]
[Site "www.echecsemail.com"]
[Date "2019.01.26"]
[Round "1"]
[White "Guidom"]
[Black "Apdash"]
[WhiteElo "2120"]
[BlackElo "2230"]
[Result "1-0"]
[Round "1"]
1.e4 e5
2.Ng1f3 d6
3.Bf1c4 Bf8e7
4.d3 Ng8f6
5.O-O Nb8c6
6.c3 Nc6a5
7.Bc4b5 c6
8.Bb5a4 b5
9.Ba4c2 Bc8g4
10.h3 Bg4h5
11.Bc1g5 O-O
12.Nb1d2 Na5b7
13.d4 h6
14.Bg5h4 Qd8c7
15.Ra1c1 Nf6h7
16.Bh4g3 Nh7g5
17.dxe5 Ng5xf3
18.Nd2xf3 dxe5
19.Bg3xe5 Qc7a5
20.Bc2b3 Nb7c5
21.Qd1e2 Be7g5
22.Rc1d1 Ra8e8
23.Be5d6 Bg5e7
24.Bd6xc5 Be7xc5
25.g4 Bh5g6
26.e5 Re8e7
27.Nf3h4 Kh7
28.Nh4xg6 fxg6
29.Qe2e4 Qa5b6
30.Rd1d2 Rf8e8
31.e6 a5
32.a3 Qb6c7
33.Kg2 Bc5a7
34.f4 c5
35.f5 Ba7b8
36.Kg1 Qc7e5
37.Qe4xe5 Bb8xe5
38.Rd2d5 Be5f6
39.Rd5xc5 gxf5
40.gxf5 g6
41.Rc5xb5 gxf5
42.Rb5xf5 Bf6g5
43.Rf5xa5 Kg7
44.Rf1f7 Re7xf7
45.exf7 Re8b8
46.Bb3d5 Rb8xb2
47.Ra5a8 Bg5e7
48.Ra8g8 Kf6
49.f8R Be7xf8
50.Rg8xf8 Kg7
51.Rf8f3 Rb2d2
52.c4 Kg6
53.Rf3f1 Rd2a2
54.Rf1f3 Ra2c2
55.Rf3f2 Rc2c3
56.Rf2a2 Rc3xh3
57.a4 Rh3e3
58.a5 Re3e7
59.a6 Re7a7
60.Bd5b7 Kf6
61.Ra2d2 Kg5
62.c5 { resign }
1-0